| 000 | aam a22 a 4500 | ||
|---|---|---|---|
| 999 |
_c3875 _d3875 |
||
| 003 | AKMAL | ||
| 005 | 20170524114633.0 | ||
| 008 | 170524s1980 my 00 may d | ||
| 040 | _aAKMAL | ||
| 100 | 0 |
_aAbdullah bin Ismail _97652 |
|
| 245 | 1 | 0 |
_aHantu kopek / _cAbdullah bin Ismail |
| 260 |
_aKuala Lumpur : _bPustaka Antara, _c1980 |
||
| 300 | 0 | 0 |
_a26ms. : _bil. ; _c21cm |
| 650 | 0 |
_aChildren's stories, Malay _97653 |
|
| 942 |
_2ddc _cBOOK |
||